Kyoto Wards Map Quiz - Statistics

General Stats
  • This quiz has been taken 115 times
  • The average score is 6 of 11
Answers on the Map
Answers color-coded by a green-red scale on the quiz's map according to % correct below.
 
Answer Stats
Ward % Correct
Kita
81%
Minami
65%
Nakagyo
65%
Fushimi
63%
Sakyo
63%
Ukyo
60%
Higashiyama
56%
Kamigyo
53%
Shimogyo
53%
Yamashina
47%
Nishikyo
42%
No matching quizzes found
Score Distribution
Percent of People with Each Score
Percentile by Number Answered
Your Score History
You have not taken this quiz